000 00914cab a22002175a 4500
001 L146953
008 090318e20090314xxk 000 0 eng d
035 _a(Sirsi) u146953
041 0 _aeng
100 1 _aPio Kivlehan, Noella
245 0 0 _aEG
_bleisure
260 _c2009
490 _aEstates Gazette
_v(0910) 14 March 2009, 61-73(9)
520 _aReveals that although 2009 is set to be a very bad year for the hotel sector, the downturn offers budget groups a rare opportunity to expand. Explains that commercial landlords threatened by an upsurge in pre-pack administration must change their outlook if they are to fight back. Discusses the alternatives to closure for pubs and restaurants and gives advice to landlords.
590 _aKA
651 4 _aUnited Kingdom
_y
690 _aPROPERTY-COMMERCIAL PROPERTY-LEISURE PROPERTY
700 1 _aHarris, David
700 1 _aThame, David
942 _n0
999 _c81334
_d81334